000
00338nam a2200133Ia 4500
008
240624s9999 xx 000 0 und d
041
_a
eng
082
_a
332.1 HEN
100
_a
HENS THORSTEN
245
_a
BEHAVIOURAL FINANCE FOR PRIVATE BANKING
260
_c
2008
_a
Chichester
_b
John Wiley & Sons
300
_a
270 : p.
365
_c
_b
30
999
_c
19196
_d
19196